[Event "Araraquara op 2nd"]
[Site "Araraquara"]
[Date "2024.02.10"]
[Round "1"]
[White "Filgueiras, Nathan Felipe"]
[Black "Pereira Fo, Hildebrando Apolon"]
[Result "1-0"]
[WhiteElo "2323"]
[BlackElo "1507"]
[PlyCount "67"]
[EventDate "2024.02.10"]
[EventType "swiss"]
[EventRounds "7"]
[EventCountry "BRA"]
[SourceTitle "CB09_2024"]
[SourceDate "2024.02.28"]
[SourceVersion "1"]
[SourceVersionDate "2024.02.28"]
[SourceQuality "1"]

1. e4 c5 2. Nf3 d6 3. d4 cxd4 4. Nxd4 Nf6 5. Nc3 g6 6. Be3 Bg7 7. f3 a6 8. Qd2 b5 9. g4 Bb7 10. h4 Nbd7 11. h5 Ne5 12. h6 Bf8 13. a3 Qc7 14. 0-0-0 e6 15. g5 Nfd7 16. f4 Nc4 17. Bxc4 Qxc4 18. Rhe1 e5 19. Nb3 a5 20. Nd5 Bxd5 21. exd5 Qc7 22. fxe5 Nxe5 23. Bf4 Kd7 24. Bxe5 dxe5 25. d6 Bxd6 26. Rxe5 Rhd8 27. Qd5 Qc6 28. Qxf7+ Kc8 29. Ree1 Rd7 30. Qf6 Kc7 31. Nd4 Qc4 32. b3 Qf7 33. Nxb5+ Kc6 34. Rxd6+ 1-0

[Event "Araraquara op 2nd"]
[Site "Araraquara"]
[Date "2024.02.10"]
[Round "2"]
[White "Pereira Fo, Hildebrando Apolon"]
[Black "Bernardes, Andre Amancio"]
[Result "1-0"]
[WhiteElo "1507"]
[BlackElo "1739"]
[PlyCount "43"]
[EventDate "2024.02.10"]
[EventType "swiss"]
[EventRounds "7"]
[EventCountry "BRA"]
[SourceTitle "CB09_2024"]
[SourceDate "2024.02.28"]
[SourceVersion "1"]
[SourceVersionDate "2024.02.28"]
[SourceQuality "1"]

1. c4 c5 2. Nf3 Nf6 3. g3 g6 4. Bg2 Bg7 5. Nc3 Nc6 6. d4 d6 7. 0-0 0-0 8. dxc5 dxc5 9. Bf4 Bf5 10. Ne5 Nxe5 11. Bxe5 Qxd1 12. Rfxd1 Bg4 13. h3 Bf5 14. Bxb7 Rad8 15. g4 Rxd1+ 16. Rxd1 Bc8 17. Bc6 Be6 18. b3 Rc8 19. Bb7 Rf8 20. Bxf6 Bxf6 21. Ne4 Rb8 22. Nxc5 1-0

[Event "Joao Pessoa de Assis Memorial 3rd"]
[Site "Joao Pessoa"]
[Date "2023.10.22"]
[Round "6"]
[White "Santos da Silva, Renata Nataly"]
[Black "Pereira Fo, Hildebrando Apolon"]
[Result "0-1"]
[WhiteElo "1438"]
[BlackElo "1491"]
[PlyCount "27"]
[EventDate "2023.10.20"]
[EventType "swiss"]
[EventRounds "6"]
[EventCountry "BRA"]
[SourceTitle "Mega2024 Update 01"]
[Source "Chessbase"]
[SourceDate "2023.11.12"]
[SourceVersion "1"]
[SourceVersionDate "2023.11.12"]
[SourceQuality "1"]

1. d4 d5 2. Bf4 g6 3. e3 Bg7 4. Nf3 Nf6 5. h3 c6 6. c4 Ne4 7. c5 Qa5+ 8. Nbd2 h5 9. Bd3 Bf5 10. Qc2 Na6 11. a3 Nb4 12. Qb3 Nxd3+ 13. Qxd3 Ng3 14. h4 0-1

[Event "Manaus op 2nd"]
[Site "Manaus"]
[Date "2023.10.14"]
[Round "6"]
[White "Rodrigues, Julliano de Araujo"]
[Black "Pereira Fo, Hildebrando Apolon"]
[Result "1-0"]
[WhiteElo "1748"]
[BlackElo "1491"]
[PlyCount "35"]
[EventDate "2023.10.11"]
[EventType "swiss"]
[EventRounds "9"]
[EventCountry "BRA"]
[SourceTitle "Mega2024 Update 01"]
[Source "Chessbase"]
[SourceDate "2023.11.12"]
[SourceVersion "1"]
[SourceVersionDate "2023.11.12"]
[SourceQuality "1"]

1. e4 c5 2. Nf3 d6 3. d4 cxd4 4. Nxd4 Nf6 5. Nc3 g6 6. Be3 Bg7 7. f3 Bd7 8. Qd2 Nc6 9. 0-0-0 h6 10. g4 a6 11. h4 h5 12. g5 Nh7 13. Nd5 Nf8 14. Nxc6 bxc6 15. Bb6 Qb8 16. Nc7+ Kd8 17. Nxa8+ Ke8 18. Nc7+ 1-0

[Event "Manaus op 2nd"]
[Site "Manaus"]
[Date "2023.10.12"]
[Round "2"]
[White "Aguiar, Jarbas Souza"]
[Black "Pereira Fo, Hildebrando Apolon"]
[Result "1-0"]
[WhiteElo "1691"]
[BlackElo "1491"]
[PlyCount "55"]
[EventDate "2023.10.11"]
[EventType "swiss"]
[EventRounds "9"]
[EventCountry "BRA"]
[SourceTitle "Mega2024 Update 01"]
[Source "Chessbase"]
[SourceDate "2023.11.12"]
[SourceVersion "1"]
[SourceVersionDate "2023.11.12"]
[SourceQuality "1"]

1. d4 Nf6 2. c4 e6 3. Nc3 b6 4. Bg5 Bb7 5. e4 Be7 6. d5 e5 7. Nf3 d6 8. Bd3 0-0 9. b4 Nbd7 10. 0-0 h6 11. Be3 c6 12. Qb3 cxd5 13. cxd5 a6 14. a4 Rc8 15. a5 b5 16. h3 Qc7 17. Rfc1 Qb8 18. Nd2 Nh5 19. Nxb5 axb5 20. Bxb5 Rxc1+ 21. Rxc1 Nhf6 22. Bc6 Rc8 23. b5 Nc5 24. Bxc5 dxc5 25. a6 Bxc6 26. dxc6 Ne8 27. Nc4 Rxc6 28. a7 1-0

[Event "Joao Pessoa op"]
[Site "Joao Pessoa"]
[Date "2023.03.22"]
[Round "3"]
[White "Xavier, Nailton Machado"]
[Black "Pereira Fo, Hildebrando Apolon"]
[Result "1-0"]
[WhiteElo "1864"]
[BlackElo "1552"]
[PlyCount "121"]
[EventDate "2023.03.17"]
[EventType "swiss"]
[EventRounds "6"]
[EventCountry "BRA"]
[SourceTitle "EXT 2024"]
[Source "ChessBase"]
[SourceDate "2023.10.10"]
[SourceVersion "1"]
[SourceVersionDate "2023.10.10"]
[SourceQuality "1"]

1. d4 e6 2. Bf4 Nf6 3. Nd2 d5 4. e3 c5 5. c3 Be7 6. Bd3 Nc6 7. h3 c4 8. Bc2 b5 9. a3 Bb7 10. Ngf3 h6 11. Qe2 Qb6 12. 0-0 a5 13. e4 dxe4 14. Nxe4 Nxe4 15. Bxe4 0-0 16. Nd2 Bf6 17. Bc2 Ne7 18. Ne4 Bxe4 19. Qxe4 Ng6 20. Bg3 Rfe8 21. h4 Rad8 22. h5 Nf8 23. Qe2 g6 24. Qf3 Kg7 25. hxg6 fxg6 26. Rfe1 Nh7 27. Qe4 Nf8 28. Qg4 h5 29. Qf3 Rd7 30. Re4 Qd8 31. Rae1 Rd5 32. Rf4 Nh7 33. Be4 Ng5 34. Qe2 Nxe4 35. Rxe4 e5 36. Bxe5 Bxe5 37. Rxe5 Rdxe5 38. dxe5 Qd3 39. f4 Qf5 40. Qe4 Qd7 41. Qd4 Qxd4+ 42. cxd4 Rd8 43. Rd1 Rd5 44. Kf2 Kf7 45. Ke3 Ke6 46. Ke4 b4 47. Rc1 c3 48. bxc3 bxa3 49. Ra1 Rb5 50. Rxa3 h4 51. c4 Rb2 52. d5+ Kd7 53. Kf3 Rc2 54. Rxa5 Rxc4 55. Ra7+ Kc8 56. Rh7 Rc3+ 57. Kf2 Rc2+ 58. Kg1 Rc1+ 59. Kh2 Rd1 60. d6 Rf1 61. Rxh4 1-0

[Event "Araraquara op"]
[Site "Araraquara"]
[Date "2023.02.20"]
[Round "4.40"]
[White "Squarcini, Eric Alexandrino Sa"]
[Black "Pereira Fo, Hildebrando Apolon"]
[Result "0-1"]
[WhiteElo "1800"]
[BlackElo "1553"]
[PlyCount "56"]
[EventDate "2023.02.19"]
[EventType "swiss"]
[EventRounds "6"]
[EventCountry "BRA"]
[SourceTitle "CBM 213 Extra"]
[Source "ChessBase"]
[SourceDate "2023.05.31"]
[SourceVersion "1"]
[SourceVersionDate "2023.05.31"]
[SourceQuality "1"]

1. e4 c5 2. c3 d6 3. d4 cxd4 4. cxd4 Nf6 5. Nc3 g6 6. Nf3 Bg7 7. Bc4 h6 8. 0-0 0-0 9. h3 a6 10. a4 Nc6 11. Be3 Kh7 12. Qd2 e6 13. Rac1 d5 14. exd5 Nxd5 15. Nxd5 exd5 16. Bd3 Bd7 17. Rc5 Ne7 18. b3 b6 19. Rc3 b5 20. axb5 axb5 21. Rc5 Qb6 22. Qe2 Nf5 23. Bxb5 Bxd4 24. Rxd5 Be6 25. Bxd4 Nxd4 26. Rxd4 Bxb3 27. Bd3 Ra3 28. Ne5 Rfa8 0-1

[Event "Araraquara op"]
[Site "Araraquara"]
[Date "2023.02.19"]
[Round "2.42"]
[White "Machado, Luis Felipe Tovo"]
[Black "Pereira Fo, Hildebrando Apolon"]
[Result "1-0"]
[WhiteElo "1800"]
[BlackElo "1553"]
[PlyCount "79"]
[EventDate "2023.02.19"]
[EventType "swiss"]
[EventRounds "6"]
[EventCountry "BRA"]
[SourceTitle "CBM 213 Extra"]
[Source "ChessBase"]
[SourceDate "2023.05.31"]
[SourceVersion "1"]
[SourceVersionDate "2023.05.31"]
[SourceQuality "1"]

1. e4 c5 2. Nf3 d6 3. d4 cxd4 4. Nxd4 Nf6 5. Nc3 g6 6. Bg5 Bg7 7. Qd2 h5 8. h3 Bd7 9. Bc4 Nc6 10. Nf3 a6 11. a3 Rc8 12. 0-0 Na5 13. Ba2 Nc4 14. Bxc4 Rxc4 15. b3 Rc8 16. Rad1 Bc6 17. Rfe1 0-0 18. Nd5 Bxd5 19. exd5 Qc7 20. c4 Rfe8 21. Rc1 Kh7 22. Bf4 Qd7 23. b4 e5 24. dxe6 fxe6 25. Qxd6 Bh6 26. Qxd7+ Nxd7 27. Bxh6 Kxh6 28. c5 e5 29. Nd2 Rc6 30. Nc4 Re7 31. f4 e4 32. Nd6 Nf6 33. Kf2 b6 34. Nc4 bxc5 35. Ne5 Rcc7 36. Rxc5 h4 37. Rec1 Rb7 38. Rc6 Rxe5 39. fxe5 Nd5 40. e6 1-0

[Event "Joao Pessoa de Assis Memorial 2nd"]
[Site "Joao Pessoa"]
[Date "2022.10.23"]
[Round "6"]
[White "Teixeira, Alexandre Cesar Fer"]
[Black "Pereira Fo, Hildebrando Apolon"]
[Result "0-1"]
[WhiteElo "1500"]
[BlackElo "1548"]
[PlyCount "63"]
[EventDate "2022.10.21"]
[EventType "swiss"]
[EventRounds "6"]
[EventCountry "BRA"]
[SourceTitle "CBM 210 Extra"]
[Source "ChessBase"]
[SourceDate "2022.11.30"]
[SourceVersion "1"]
[SourceVersionDate "2022.11.30"]
[SourceQuality "1"]

1. d4 d5 2. Nf3 Nf6 3. Bf4 e6 4. e3 c5 5. Ne5 Nbd7 6. c3 cxd4 7. exd4 Nxe5 8. dxe5 Ne4 9. f3 Nc5 10. b4 Nd7 11. Bd3 f6 12. Bb5 a6 13. Bxd7+ Bxd7 14. 0-0 a5 15. exf6 Qxf6 16. Bd2 axb4 17. a3 Bc5+ 18. Kh1 Bb5 19. Re1 Bf2 20. Re2 Bxe2 21. Qxe2 Bh4 22. Qb5+ Kf7 23. Qxb4 Rhb8 24. Bf4 e5 25. Bxe5 Qxe5 26. Qxh4 Qe2 27. Qh5+ Kf6 28. Qh4+ Kf7 29. Qh5+ Kg8 30. Qxd5+ Kh8 31. h3 Rd8 32. Qf7 0-1

[Event "Joao Pessoa de Assis Memorial 2nd"]
[Site "Joao Pessoa"]
[Date "2022.10.22"]
[Round "4"]
[White "Gomes, Genildo de Souza"]
[Black "Pereira Fo, Hildebrando Apolon"]
[Result "1-0"]
[WhiteElo "1685"]
[BlackElo "1548"]
[PlyCount "59"]
[EventDate "2022.10.21"]
[EventType "swiss"]
[EventRounds "6"]
[EventCountry "BRA"]
[SourceTitle "CBM 210 Extra"]
[Source "ChessBase"]
[SourceDate "2022.11.30"]
[SourceVersion "1"]
[SourceVersionDate "2022.11.30"]
[SourceQuality "1"]

1. d4 e6 2. e4 d5 3. Nd2 Nc6 4. c3 e5 5. exd5 Qxd5 6. dxe5 Nxe5 7. Ngf3 Bg4 8. Qa4+ Bd7 9. Qd4 Nxf3+ 10. Nxf3 Nf6 11. Be3 Bd6 12. Bc4 Qe4 13. Bxf7+ Ke7 14. Qxe4+ Nxe4 15. Bd5 Bf5 16. Bxb7 Rab8 17. Bxe4 Bxe4 18. 0-0-0 Rb7 19. Nd4 Rhb8 20. Rd2 Kf7 21. f3 Bd5 22. Nf5 Bxa2 23. Nxd6+ cxd6 24. b4 d5 25. Rxa2 Rc8 26. Kd2 Re7 27. Rxa7 Rxa7 28. Bxa7 Ra8 29. Ra1 Ke7 30. Bc5+ 1-0

[Event "Joao Pessoa de Assis Memorial 2nd"]
[Site "Joao Pessoa"]
[Date "2022.10.21"]
[Round "1"]
[White "Pereira Fo, Hildebrando Apolon"]
[Black "Gazineu Neto, Rubens"]
[Result "0-1"]
[WhiteElo "1548"]
[BlackElo "1897"]
[PlyCount "98"]
[EventDate "2022.10.21"]
[EventType "swiss"]
[EventRounds "6"]
[EventCountry "BRA"]
[SourceTitle "CBM 210 Extra"]
[Source "ChessBase"]
[SourceDate "2022.11.30"]
[SourceVersion "1"]
[SourceVersionDate "2022.11.30"]
[SourceQuality "1"]

1. c4 c5 2. Nf3 Nf6 3. Nc3 Nc6 4. g3 g6 5. Bg2 Bg7 6. d3 0-0 7. 0-0 d6 8. a3 Rb8 9. Bd2 h6 10. Qc2 Bg4 11. Rfe1 Qc8 12. Rad1 a6 13. Bc1 b5 14. Ne4 Nxe4 15. dxe4 Kh7 16. b3 bxc4 17. bxc4 a5 18. Rd3 Qa6 19. Qa4 Bd7 20. Qc2 Be6 21. Nd2 a4 22. Rd5 Nd4 23. Qd3 Bxd5 24. exd5 Nb3 25. h4 Nxd2 26. Bxd2 Rb3 27. Qc2 Rb2 28. Qd3 Rfb8 29. Bc1 Qa5 30. Rf1 R2b3 31. Qe4 R8b7 32. h5 Qc3 33. Qh4 Qf6 34. Qe4 Qd4 35. hxg6+ fxg6 36. Qe6 Qe5 37. Qxe5 Bxe5 38. Be4 Bb2 39. Bxb2 Rxb2 40. Bd3 Ra2 41. f4 Kg7 42. f5 g5 43. g4 Rxa3 44. Rf3 Rab3 45. Rf1 a3 46. Ra1 Ra7 47. Ra2 Kf6 48. Kf2 Ke5 49. Ke3 Rb2 0-1

[Event "BRA-ch Seniors 50"]
[Site "Joao Pessoa"]
[Date "2022.08.20"]
[Round "3"]
[White "Pereira Fo, Hildebrando Apolon"]
[Black "De Almeida, Valdemiza Gurgel"]
[Result "1-0"]
[WhiteElo "1532"]
[BlackElo "1358"]
[PlyCount "95"]
[EventDate "2022.08.19"]
[EventType "k.o."]
[EventRounds "5"]
[EventCountry "BRA"]
[SourceTitle "CBM 210 Extra"]
[Source "ChessBase"]
[SourceDate "2022.11.30"]
[SourceVersion "1"]
[SourceVersionDate "2022.11.30"]
[SourceQuality "1"]

1. c4 e5 2. Nc3 d6 3. g3 c6 4. Bg2 Nd7 5. d4 Qc7 6. Nf3 Ngf6 7. Qc2 g6 8. 0-0 Bg7 9. Bd2 0-0 10. Rac1 Kh8 11. d5 Ng8 12. Ne4 Ndf6 13. Bb4 Nxe4 14. Qxe4 Bf5 15. Qe3 c5 16. Bd2 Qd7 17. Qb3 b6 18. Bg5 f6 19. Be3 Bh3 20. Nd2 Bxg2 21. Kxg2 f5 22. f4 e4 23. Nb1 Nh6 24. h3 Kg8 25. Bd2 Qe7 26. e3 Bf6 27. Bc3 Bxc3 28. Qxc3 Rf7 29. b4 g5 30. Kf2 g4 31. h4 a5 32. bxc5 dxc5 33. Na3 Rg7 34. Rb1 Ra6 35. Nb5 Nf7 36. Rfd1 Nd6 37. Nxd6 Qxd6 38. Qe5 Qd7 39. Qb8+ Kf7 40. Rxb6 Rxb6 41. Qxb6 Qa4 42. Qb3 Qd7 43. Qb5 Qa7 44. d6 Ke6 45. Qe8+ Kf6 46. d7 Rf7 47. d8Q+ Kg6 48. Rd6+ 1-0

[Event "Teresina Nordeste Cup"]
[Site "Teresina"]
[Date "2022.07.22"]
[Round "2"]
[White "Da Silva Filho, Inacio Lima"]
[Black "Pereira Fo, Hildebrando Apolon"]
[Result "0-1"]
[WhiteElo "1800"]
[BlackElo "1540"]
[PlyCount "58"]
[EventDate "2022.07.22"]
[EventType "swiss"]
[EventRounds "6"]
[EventCountry "BRA"]
[SourceTitle "CBM 209 Extra"]
[Source "ChessBase"]
[SourceDate "2022.09.30"]
[SourceVersion "1"]
[SourceVersionDate "2022.09.30"]
[SourceQuality "1"]

1. d4 d5 2. e3 e6 3. Bd3 c5 4. c3 Nc6 5. f4 Nf6 6. Nf3 cxd4 7. exd4 Bd6 8. 0-0 0-0 9. Ne5 Qb6 10. Rf3 Nxe5 11. fxe5 Bxe5 12. Rh3 h6 13. Kh1 Bc7 14. Qf3 e5 15. Rh4 e4 16. Bxe4 dxe4 17. Qf2 Re8 18. Bxh6 gxh6 19. Rxh6 Ng4 20. Rxb6 Nxf2+ 21. Kg1 Bxb6 22. Kxf2 e3+ 23. Ke1 Bc7 24. g3 Bg4 25. Na3 Re6 26. Nc2 Kg7 27. a4 Rh8 28. c4 Rxh2 29. Ra3 Rxc2 0-1

[Event "Florianopolis Winter op 6th"]
[Site "Florianopolis"]
[Date "2022.07.16"]
[Round "8"]
[White "Pereira Fo, Hildebrando Apolon"]
[Black "Nunes, Agatha Hurba"]
[Result "0-1"]
[WhiteElo "1540"]
[BlackElo "1815"]
[PlyCount "68"]
[EventDate "2022.07.13"]
[EventType "swiss"]
[EventRounds "9"]
[EventCountry "BRA"]
[SourceTitle "CBM 209 Extra"]
[Source "ChessBase"]
[SourceDate "2022.09.30"]
[SourceVersion "1"]
[SourceVersionDate "2022.09.30"]
[SourceQuality "1"]

1. c4 e6 2. d4 d5 3. e3 Nf6 4. Nc3 Be7 5. Nf3 0-0 6. Be2 b6 7. 0-0 dxc4 8. Bxc4 Bb7 9. a3 a5 10. b3 Nbd7 11. Bb2 Nd5 12. Rc1 N7f6 13. Nxd5 exd5 14. Bb5 Bd6 15. h3 Qe7 16. a4 Ne4 17. Bc6 Bxc6 18. Rxc6 f5 19. Rc2 Rf6 20. Qe2 Rg6 21. Qb5 Qe6 22. Ne5 Bxe5 23. dxe5 c5 24. f4 Rg3 25. Kh2 Rxe3 26. Rg1 d4 27. Bxd4 Rxb3 28. Qc4 Qxc4 29. Rxc4 cxd4 30. Rxd4 Nc5 31. Rgd1 Rb4 32. Rd6 Re8 33. Re1 Nxa4 34. e6 Re4 0-1

[Event "Florianopolis Winter op 6th"]
[Site "Florianopolis"]
[Date "2022.07.15"]
[Round "6"]
[White "Pereira Fo, Hildebrando Apolon"]
[Black "Duarte, Giovanna Torqui"]
[Result "1-0"]
[WhiteElo "1540"]
[BlackElo "1048"]
[PlyCount "109"]
[EventDate "2022.07.13"]
[EventType "swiss"]
[EventRounds "9"]
[EventCountry "BRA"]
[SourceTitle "CBM 209 Extra"]
[Source "ChessBase"]
[SourceDate "2022.09.30"]
[SourceVersion "1"]
[SourceVersionDate "2022.09.30"]
[SourceQuality "1"]

1. c4 c5 2. Nf3 g6 3. Nc3 Bg7 4. e3 d6 5. Be2 Nf6 6. 0-0 0-0 7. d4 Bf5 8. Bd3 Bxd3 9. Qxd3 cxd4 10. Nxd4 e5 11. Nf3 Re8 12. e4 Nc6 13. a3 a6 14. Bg5 Qd7 15. Bxf6 Bxf6 16. Nd5 Qd8 17. Rfd1 Bg7 18. Rab1 Ne7 19. Nxe7+ Qxe7 20. Qxd6 Qxd6 21. Rxd6 Rad8 22. Rbd1 Rc8 23. b3 Bf8 24. Rd7 f6 25. a4 Re6 26. Rxb7 Bg7 27. Rdd7 Bf8 28. g4 Rce8 29. Ne1 R8e7 30. Nc2 h6 31. Ne3 Re8 32. h4 Be7 33. h5 g5 34. Nf5 Bf8 35. b4 Rc8 36. c5 Rcc6 37. Ne7+ Bxe7 38. Rxe7 Rxe7 39. Rxe7 Rc8 40. Rd7 Kf8 41. Rd6 Ke7 42. Rxa6 Rd8 43. Rd6 Rxd6 44. cxd6+ Kxd6 45. a5 Kc6 46. Kf1 Kb5 47. Ke2 Kxb4 48. a6 Kc3 49. a7 Kc2 50. a8Q Kc3 51. Qd5 Kb4 52. Kd3 Ka3 53. Qb5 Ka2 54. Kc2 Ka3 55. Qb3# 1-0

[Event "BRA-ch Amateur U1600"]
[Site "Sao Paulo"]
[Date "2022.06.17"]
[Round "4"]
[White "Pereira Fo, Hildebrando Apolon"]
[Black "Ferreira, Fernando Goncalves"]
[Result "1-0"]
[WhiteElo "1548"]
[BlackElo "1340"]
[PlyCount "79"]
[EventDate "2022.06.16"]
[EventType "swiss"]
[EventRounds "7"]
[EventCountry "BRA"]
[SourceTitle "CBM 208 Extra"]
[Source "ChessBase"]
[SourceDate "2022.07.31"]
[SourceVersion "1"]
[SourceVersionDate "2022.07.31"]
[SourceQuality "1"]

1. c4 e6 2. Nc3 d5 3. cxd5 exd5 4. d4 Nf6 5. Nf3 c5 6. e3 Nc6 7. Be2 Bf5 8. 0-0 cxd4 9. Nxd4 Nxd4 10. exd4 Be7 11. h3 0-0 12. Bf4 a6 13. a3 Rc8 14. Rc1 Qb6 15. b4 Rfe8 16. Na4 Qe6 17. Re1 Rxc1 18. Bxc1 Bd6 19. Nc5 Bxc5 20. bxc5 Bg6 21. Be3 Be4 22. Bd3 Bxd3 23. Qxd3 Ne4 24. Rb1 Re7 25. Rb6 Qc8 26. Qb3 Nf6 27. c6 Qb8 28. Rxb7 Rxb7 29. Qxb7 Qxb7 30. cxb7 Nd7 31. Bf4 f5 32. Kf1 Kf7 33. Ke2 Ke7 34. Kd3 Kd8 35. Kc3 a5 36. Kb3 g5 37. Be5 h5 38. Ka4 h4 39. Kxa5 g4 40. Kb5 1-0

[Event "Sao Paulo op-C U1700 8th"]
[Site "Sao Paulo"]
[Date "2019.10.20"]
[Round "6"]
[White "Bergamo, Victor Hugo Moura"]
[Black "Pereira Fo, Hildebrando Apolon"]
[Result "1-0"]
[WhiteElo "1487"]
[BlackElo "1584"]
[PlyCount "41"]
[EventDate "2019.10.17"]
[EventType "swiss"]
[EventRounds "6"]
[EventCountry "BRA"]
[SourceTitle "CBM 192 Extra"]
[Source "Chessbase"]
[SourceDate "2019.11.06"]
[SourceVersion "1"]
[SourceVersionDate "2019.11.06"]
[SourceQuality "1"]

1. e4 c5 2. Nf3 d6 3. d4 cxd4 4. Nxd4 Bd7 5. Nc3 g6 6. Be3 Bg7 7. Qd2 Nc6 8. Nxc6 Bxc6 9. f3 Qa5 10. a3 Bxc3 11. bxc3 Nf6 12. Bh6 Bxe4 13. fxe4 Nxe4 14. Qd4 Qxc3+ 15. Qxc3 Nxc3 16. Bg7 f6 17. Bxh8 Kf7 18. Bxf6 Kxf6 19. Bd3 e5 20. Rf1+ Ke7 21. Bc4 1-0

[Event "Sao Paulo op-C U1700 8th"]
[Site "Sao Paulo"]
[Date "2019.10.19"]
[Round "4"]
[White "Pimenta, Mauri Moriggi"]
[Black "Pereira Fo, Hildebrando Apolon"]
[Result "0-1"]
[WhiteElo "1262"]
[BlackElo "1584"]
[PlyCount "77"]
[EventDate "2019.10.17"]
[EventType "swiss"]
[EventRounds "6"]
[EventCountry "BRA"]
[SourceTitle "CBM 192 Extra"]
[Source "Chessbase"]
[SourceDate "2019.11.06"]
[SourceVersion "1"]
[SourceVersionDate "2019.11.06"]
[SourceQuality "1"]

1. d4 d5 2. b3 g6 3. Bb2 Bg7 4. Nf3 Nh6 5. e3 c5 6. Be2 Nc6 7. 0-0 0-0 8. Nbd2 Nf5 9. a3 cxd4 10. e4 dxe4 11. Nxe4 Nd6 12. Nxd6 Qxd6 13. Bb5 e5 14. Bxc6 Qxc6 15. Re1 Bg4 16. Qd3 Bxf3 17. Qxf3 Qxf3 18. gxf3 Rac8 19. Rac1 Bh6 20. Rxe5 Bxc1 21. Bxc1 Rxc2 22. Bh6 Rfc8 23. Rd5 R2c3 24. Kg2 d3 25. b4 Rxa3 26. b5 f5 27. Rd7 b6 28. Rg7+ Kh8 29. Rd7 Rb3 30. Rxa7 Rxb5 31. Rd7 Rb3 32. Bg7+ Kg8 33. Bh6 b5 34. Rg7+ Kh8 35. Rd7 b4 36. Bg7+ Kg8 37. Bh6 Rbc3 38. Rg7+ Kh8 39. Rd7 0-1

[Event "Sao Paulo op-C U1700 8th"]
[Site "Sao Paulo"]
[Date "2019.10.18"]
[Round "2"]
[White "Zockun, Ivan Zancaner"]
[Black "Pereira Fo, Hildebrando Apolon"]
[Result "1-0"]
[WhiteElo "1258"]
[BlackElo "1584"]
[PlyCount "127"]
[EventDate "2019.10.17"]
[EventType "swiss"]
[EventRounds "6"]
[EventCountry "BRA"]
[SourceTitle "CBM 192 Extra"]
[Source "Chessbase"]
[SourceDate "2019.11.06"]
[SourceVersion "1"]
[SourceVersionDate "2019.11.06"]
[SourceQuality "1"]

1. Nf3 c5 2. b3 Nf6 3. Bb2 e6 4. e3 Be7 5. d4 cxd4 6. exd4 Nc6 7. Bd3 0-0 8. 0-0 a6 9. Nbd2 b5 10. Ne5 Bb7 11. a3 Nxe5 12. dxe5 Nd5 13. Be4 Qc7 14. Qf3 f6 15. exf6 Bxf6 16. Bxf6 Rxf6 17. Qh3 Rh6 18. Qg3 Qxg3 19. fxg3 Bc6 20. Rf3 Rf6 21. Rxf6 Nxf6 22. Bxc6 dxc6 23. Nf3 Rd8 24. Ne5 Rd6 25. Nd3 Nd7 26. Re1 e5 27. Nxe5 Nxe5 28. Rxe5 Rd1+ 29. Kf2 Rd2+ 30. Re2 Rd6 31. Kf3 Kf7 32. Ke3 g5 33. g4 c5 34. Rd2 Re6+ 35. Kd3 Re5 36. c4 Kg6 37. Re2 bxc4+ 38. bxc4 Kf6 39. Rxe5 Kxe5 40. Ke3 h6 41. a4 Kd6 42. a5 Ke5 43. h3 Kf6 44. Ke4 Ke6 45. g3 Kd6 46. Kf5 Ke7 47. h4 Kd6 48. hxg5 hxg5 49. Kf6 Kd7 50. Kxg5 Ke6 51. Kf4 Kf6 52. g5+ Ke6 53. g4 Kf7 54. Kf5 Kg7 55. g6 Kf8 56. Kf6 Kg8 57. Ke5 Kg7 58. Kf5 Kh6 59. Ke5 Kxg6 60. Kd5 Kf7 61. Kxc5 Ke7 62. g5 Kd7 63. g6 Ke7 64. g7 1-0

[Event "American Continental 15th"]
[Site "Sao Paulo"]
[Date "2019.07.10"]
[Round "8"]
[White "Azevedo, Eduardo Jose E"]
[Black "Pereira Fo, Hildebrando Apolon"]
[Result "1-0"]
[WhiteElo "1738"]
[BlackElo "1573"]
[PlyCount "55"]
[EventDate "2019.07.05"]
[EventType "swiss"]
[EventRounds "11"]
[EventCountry "BRA"]
[SourceTitle "CBM 191 Extra"]
[Source "ChessBase"]
[SourceDate "2019.09.30"]
[SourceVersion "1"]
[SourceVersionDate "2019.09.30"]
[SourceQuality "1"]

1. d4 d5 2. Bf4 g6 3. Be5 Nf6 4. Bxf6 exf6 5. g3 Bg7 6. Bg2 c6 7. e3 Qe7 8. Nd2 Nd7 9. Ne2 f5 10. 0-0 0-0 11. c4 Nf6 12. c5 Re8 13. Nc3 Ne4 14. Ndxe4 fxe4 15. b4 Be6 16. Rb1 Qd7 17. Re1 Bf5 18. b5 Bf6 19. bxc6 bxc6 20. Qa4 Reb8 21. Qa6 Qc7 22. Nxd5 cxd5 23. Qxf6 Qa5 24. h4 Qxa2 25. Rxb8+ Rxb8 26. h5 Rb2 27. h6 Kf8 28. Qd8# 1-0

[Event "American Continental 15th"]
[Site "Sao Paulo"]
[Date "2019.07.09"]
[Round "7"]
[White "Pereira Fo, Hildebrando Apolon"]
[Black "Jorge, Denrick Cabral Jose"]
[Result "0-1"]
[WhiteElo "1573"]
[BlackElo "1863"]
[PlyCount "58"]
[EventDate "2019.07.05"]
[EventType "swiss"]
[EventRounds "11"]
[EventCountry "BRA"]
[SourceTitle "CBM 191 Extra"]
[Source "ChessBase"]
[SourceDate "2019.09.30"]
[SourceVersion "1"]
[SourceVersionDate "2019.09.30"]
[SourceQuality "1"]

1. c4 Nf6 2. Nf3 g6 3. b3 Bg7 4. Bb2 0-0 5. Nc3 c5 6. g3 d5 7. cxd5 Nxd5 8. Bg2 Nc6 9. 0-0 Bf5 10. Na4 Bxb2 11. Nxb2 Qd7 12. Rc1 b6 13. d3 Bh3 14. Nc4 Bxg2 15. Kxg2 Qb7 16. Qd2 Nd4 17. Nce5 f6 18. Ng4 Rad8 19. e4 Nxf3 20. Kxf3 f5 21. Ne5 fxe4+ 22. Ke2 exd3+ 23. Kd1 Nb4 24. f4 Qd5 25. Rc3 Qxe5 26. Re1 Qd5 27. Kc1 Nxa2+ 28. Kb2 Nxc3 29. Qxc3 Qd4 0-1

[Event "BRA-ch Amateur U1800"]
[Site "Sao Paulo"]
[Date "2019.06.22"]
[Round "5"]
[White "Teles, Lucas Marquetotti"]
[Black "Pereira Fo, Hildebrando Apolon"]
[Result "1/2-1/2"]
[WhiteElo "1790"]
[BlackElo "1550"]
[PlyCount "78"]
[EventDate "2019.06.20"]
[EventType "swiss"]
[EventRounds "7"]
[EventCountry "BRA"]
[SourceTitle "CBM 195 Extra"]
[Source "ChessBase"]
[SourceDate "2020.05.31"]
[SourceVersion "1"]
[SourceVersionDate "2020.05.31"]
[SourceQuality "1"]

1. e3 d5 2. b4 e6 3. Bb2 Nf6 4. a3 c5 5. bxc5 Bxc5 6. Nf3 Nc6 7. Nc3 0-0 8. Bb5 a6 9. Bxc6 bxc6 10. 0-0 Be7 11. Ne5 c5 12. a4 Qc7 13. f4 d4 14. exd4 cxd4 15. Ne2 Rd8 16. Bxd4 Bc5 17. c3 a5 18. Kh1 Ba6 19. d3 Nd5 20. Bxc5 Qxc5 21. Qd2 f6 22. d4 Qc7 23. Nd3 Qc4 24. Ndc1 Nxc3 25. Re1 Rac8 26. Qe3 Qc6 27. Nxc3 Qxc3 28. Qxe6+ Kf8 29. Qe7+ Kg8 30. Qe6+ Kf8 31. Na2 Qc6 32. Qe7+ Kg8 33. Rac1 Qxa4 34. Nc3 Qxd4 35. Qe6+ Kf8 36. Rcd1 Bd3 37. Qe7+ Kg8 38. Qe6+ Kf8 39. Qe7+ Kg8 1/2-1/2